000 00850nam a2200229Ia 4500
005 20250108124833.0
008 008 250107s9999 xx 000 0 hin d
020 _a81-86336-21-4
037 _aTB
040 _aCRL
_bhin
_cCRL
041 _ahin
_2hin
084 _aV2 152Q4
084 _qCRL
100 _aशुक्ल, वेद मित्रा, ले.
245 0 _aजनजातिय गौरव: बाल कविता - संग्रह
_cशुक्ल, वेद मित्रा, ले.
260 _aनई दिल्ली, भारत
_bसर्वभाषा प्रकाशन
_c2383
300 _a83पृ0
365 _aINR
_b150
650 _aहिन्दी कविताहिन्दी साहित्य
_9729733
942 _cTB
_hV2 152Q4
999 _c1234771
_d1234771